000 00502nam a2200181Ia 4500
005 20250326141239.0
008 250326s9999 xx 000 0 und d
037 _aTextbook
040 _aFMSL
_beng
_cFMSL
041 _aeng
_2eng
084 _aX72obF N4
_qFMSL
100 _aSrinivasan K
245 0 _aTax treatment of technology
_cSrinivasan K
260 _aNew Delhi
_bNew Delhi, Indian Investement
_c1994
300 _a63p
942 _cTB
_hX72obF N4
999 _c1289420
_d1289420